[Event "HUN-chT 1415"]
[Site "Hungary"]
[Date "2014.12.14"]
[Round "4.5"]
[White "Lizak, Peter"]
[Black "Smaraglay, Botond"]
[Result "1-0"]
[WhiteElo "2408"]
[BlackElo "2111"]
[PlyCount "53"]
[EventDate "2014.10.12"]
[EventType "team-tourn"]
[EventRounds "9"]
[EventCountry "HUN"]
[SourceTitle "EXT 2016"]
[Source "ChessBase"]
[SourceDate "2015.10.08"]
[SourceVersion "1"]
[SourceVersionDate "2015.10.08"]
[SourceQuality "1"]
[WhiteTeam "Paks"]
[BlackTeam "Husi"]
[WhiteTeamCountry "HUN"]
[BlackTeamCountry "HUN"]

1. c4 d6 2. Nc3 g6 3. g3 Bg7 4. Bg2 c6 5. e4 e5 6. Nge2 f5 7. exf5 Bxf5 8. d4 Nd7 9. 0-0 Ngf6 10. h3 h5 11. Bg5 0-0 12. d5 Qc7 13. Qd2 c5 14. f3 Nb6 15. b3 a6 16. g4 Bc8 17. Ng3 Nbd7 18. Qc2 hxg4 19. fxg4 e4 20. Ngxe4 Nxe4 21. Bxe4 Bd4+ 22. Kg2 Ne5 23. Rxf8+ Kxf8 24. Rf1+ Kg7 25. Bf6+ Kh7 26. Bxe5 Bxe5 27. Bxg6+ 1-0

[Event "Budapest-chT1 Lilienthal 1314"]
[Site "Budapest"]
[Date "2013.11.10"]
[Round "3"]
[White "Ruck, Robert1"]
[Black "Smaraglay, Botond"]
[Result "0-1"]
[WhiteElo "2062"]
[BlackElo "2081"]
[PlyCount "56"]
[EventDate "2013.09.29"]
[EventType "team-tourn"]
[EventRounds "11"]
[EventCountry "HUN"]
[SourceTitle "EXT 2021"]
[Source "ChessBase"]
[SourceDate "2020.10.23"]
[SourceVersion "1"]
[SourceVersionDate "2020.10.23"]
[SourceQuality "1"]
[WhiteTeam "Sarkany II"]
[BlackTeam "Budapest HUSI II"]
[WhiteTeamCountry "HUN"]
[BlackTeamCountry "HUN"]

1. e4 c5 2. Nf3 Nc6 3. Bb5 a6 4. Bxc6 bxc6 5. e5 g6 6. 0-0 Bg7 7. Nc3 Nh6 8. d4 cxd4 9. Nxd4 0-0 10. Bf4 f6 11. exf6 exf6 12. Re1 Nf7 13. Qd2 f5 14. Rad1 g5 15. Nxf5 gxf4 16. Ne7+ Kh8 17. Nxc8 Rxc8 18. Qxf4 d5 19. Qg3 Qf6 20. Rd3 Rce8 21. f3 Rxe1+ 22. Qxe1 Ne5 23. Rd1 Bh6 24. Qe2 Rg8 25. Kh1 Nc4 26. Rb1 Nxb2 27. Rxb2 Qxc3 28. Rb1 Be3 0-1

[Event "Budapest-chT1 Lilienthal 1314"]
[Site "Budapest"]
[Date "2013.10.13"]
[Round "2"]
[White "Smaraglay, Botond"]
[Black "Kerek, Krisztian"]
[Result "1/2-1/2"]
[WhiteElo "2081"]
[BlackElo "2280"]
[PlyCount "48"]
[EventDate "2013.09.29"]
[EventType "team-tourn"]
[EventRounds "11"]
[EventCountry "HUN"]
[SourceTitle "EXT 2021"]
[Source "ChessBase"]
[SourceDate "2020.10.23"]
[SourceVersion "1"]
[SourceVersionDate "2020.10.23"]
[SourceQuality "1"]
[WhiteTeam "Budapest HUSI II"]
[BlackTeam "Barcza GSC"]
[WhiteTeamCountry "HUN"]
[BlackTeamCountry "HUN"]

1. c4 Nf6 2. Nc3 g6 3. d4 Bg7 4. Nf3 0-0 5. e4 d6 6. Bd3 Na6 7. a3 e5 8. d5 Nc5 9. h3 Nxd3+ 10. Qxd3 Nh5 11. g4 Nf4 12. Bxf4 exf4 13. g5 f5 14. gxf6 Qxf6 15. 0-0-0 b5 16. c5 Rb8 17. Nd4 Qxd4 18. Qxd4 Bxd4 19. Rxd4 dxc5 20. Rd2 Re8 21. f3 b4 22. Na4 bxa3 23. Nxc5 axb2+ 24. Rxb2 Rxb2 1/2-1/2

[Event "Budapest-chT1 Lilienthal 1314"]
[Site "Budapest"]
[Date "2013.09.29"]
[Round "1"]
[White "Smaraglay, Botond"]
[Black "Gyurkovics, Miklos"]
[Result "1/2-1/2"]
[WhiteElo "2081"]
[BlackElo "2137"]
[PlyCount "72"]
[EventDate "2013.09.29"]
[EventType "team-tourn"]
[EventRounds "11"]
[EventCountry "HUN"]
[SourceTitle "EXT 2021"]
[Source "ChessBase"]
[SourceDate "2020.10.23"]
[SourceVersion "1"]
[SourceVersionDate "2020.10.23"]
[SourceQuality "1"]
[WhiteTeam "Budapest HUSI II"]
[BlackTeam "Budapest Vasas II"]
[WhiteTeamCountry "HUN"]
[BlackTeamCountry "HUN"]

1. c4 c6 2. Nc3 d5 3. cxd5 cxd5 4. d4 Nc6 5. Nf3 Nf6 6. e3 g6 7. a3 Bg7 8. Bd3 0-0 9. 0-0 Bg4 10. h3 Bxf3 11. Qxf3 e5 12. dxe5 Nxe5 13. Qe2 Rc8 14. Rd1 Qb6 15. Bd2 Rfe8 16. Nb5 Nc4 17. Bxc4 dxc4 18. a4 Ne4 19. Bc3 a6 20. Nd4 f5 21. Qf3 Be5 22. g4 fxg4 23. Qxg4 Qf6 24. f4 Bb8 25. Re1 Rcd8 26. Re2 Ba7 27. Rf1 Nxc3 28. bxc3 Bxd4 29. exd4 Rxe2 30. Qxe2 b5 31. axb5 axb5 32. Rb1 Qf5 33. Rxb5 Qxb5 34. Qe6+ Kf8 35. Qf6+ Ke8 36. Qe6+ Kf8 1/2-1/2

[Event "Budapest-chT1 Lilienthal 1011"]
[Site "Budapest"]
[Date "2011.03.06"]
[Round "10"]
[White "Vass, Lajos"]
[Black "Smaraglay, Botond"]
[Result "0-1"]
[WhiteElo "2096"]
[BlackElo "2047"]
[PlyCount "110"]
[EventDate "2010.09.19"]
[EventType "team-tourn"]
[EventRounds "11"]
[EventCountry "HUN"]
[SourceTitle "EXT 2020"]
[Source "ChessBase"]
[SourceDate "2019.10.17"]
[SourceVersion "1"]
[SourceVersionDate "2019.10.17"]
[SourceQuality "1"]
[WhiteTeam "Budapest EAC III"]
[BlackTeam "Budapest HUSI II"]
[WhiteTeamCountry "HUN"]
[BlackTeamCountry "HUN"]

1. e4 c5 2. c3 Nc6 3. d4 cxd4 4. cxd4 e6 5. d5 Nce7 6. Nf3 Nf6 7. Nc3 h6 8. d6 Nc6 9. Nb5 Qb6 10. Nc7+ Kd8 11. Nxa8 Qb4+ 12. Bd2 Qxe4+ 13. Qe2 Bxd6 14. Qxe4 Nxe4 15. Bd3 Nc5 16. Bb5 Ke7 17. 0-0 b6 18. Bxc6 dxc6 19. Be3 Ba6 20. Rfc1 Rxa8 21. Nd4 Bb7 22. Re1 Nd3 23. Re2 c5 24. Nb5 Bf4 25. Rd1 Bxe3 26. Rxd3 Ba6 27. a4 Bd4 28. Rc2 Bxb5 29. axb5 a5 30. bxa6 Rxa6 31. Kf1 Kd6 32. b4 Kd5 33. bxc5 bxc5 34. Rb3 Ra7 35. Ke2 e5 36. Rb8 f5 37. Rd8+ Ke4 38. f3+ Kf4 39. Rf8 Ra3 40. g3+ Kg5 41. h4+ Kg6 42. g4 Re3+ 43. Kd1 Rxf3 44. gxf5+ Kh5 45. Re2 Rf4 46. Rf7 e4 47. Rd7 Kxh4 48. Rd5 Kg5 49. Rg2+ Kh4 50. Ke2 Rg4 51. Rh2+ Kg3 52. Rh1 Rf4 53. Rh5 Rf2+ 54. Ke1 e3 55. Rd6 Bc3+ 0-1

[Event "Budapest-chT1 Lilienthal 1011"]
[Site "Budapest"]
[Date "2011.02.27"]
[Round "9"]
[White "Havaskori, Laszlo"]
[Black "Smaraglay, Botond"]
[Result "1/2-1/2"]
[WhiteElo "2106"]
[BlackElo "2047"]
[PlyCount "84"]
[EventDate "2010.09.19"]
[EventType "team-tourn"]
[EventRounds "11"]
[EventCountry "HUN"]
[SourceTitle "EXT 2020"]
[Source "ChessBase"]
[SourceDate "2019.10.17"]
[SourceVersion "1"]
[SourceVersionDate "2019.10.17"]
[SourceQuality "1"]
[WhiteTeam "Penzugyor III"]
[BlackTeam "Budapest HUSI II"]
[WhiteTeamCountry "HUN"]
[BlackTeamCountry "HUN"]

1. e4 c5 2. Nc3 Nc6 3. f4 g6 4. Nf3 Bg7 5. Bc4 d6 6. 0-0 Nf6 7. d3 Be6 8. Bxe6 fxe6 9. Ng5 Qd7 10. f5 exf5 11. exf5 gxf5 12. Ne2 h6 13. Nh3 0-0-0 14. Ng3 e6 15. Nf4 Rhg8 16. c3 Ng4 17. h3 Nf6 18. Ngh5 Nxh5 19. Nxh5 Qf7 20. Qe2 Be5 21. Bd2 Rg6 22. Kh1 Qe7 23. Rae1 Rdg8 24. Rf2 Qh4 25. Qf3 Rg4 26. Kg1 Qxh5 27. hxg4 Rxg4 28. Kf1 Bg3 29. Rxe6 Bxf2 30. Rxh6 Qf7 31. Kxf2 Rg6 32. Rh8+ Kd7 33. Qh3 Ne7 34. c4 Rg8 35. Rh6 Rg6 36. Rh5 Re6 37. Bc3 Qg6 38. Rh8 Qg5 39. Qf3 Kc7 40. Rh7 Rh6 41. Rg7 Rg6 42. Rf7 Re6 1/2-1/2

[Event "Budapest-chT1 Lilienthal 1011"]
[Site "Budapest"]
[Date "2010.09.19"]
[Round "1"]
[White "Smaraglay, Botond"]
[Black "Dobos, Sandor"]
[Result "1-0"]
[WhiteElo "2047"]
[BlackElo "2010"]
[PlyCount "67"]
[EventDate "2010.09.19"]
[EventType "team-tourn"]
[EventRounds "11"]
[EventCountry "HUN"]
[SourceTitle "EXT 2020"]
[Source "ChessBase"]
[SourceDate "2019.10.17"]
[SourceVersion "1"]
[SourceVersionDate "2019.10.17"]
[SourceQuality "1"]
[WhiteTeam "Budapest HUSI II"]
[BlackTeam "Vizugy II"]
[WhiteTeamCountry "HUN"]
[BlackTeamCountry "HUN"]

1. c4 Nf6 2. Nc3 g6 3. d4 Bg7 4. e4 0-0 5. Be3 d6 6. f3 c6 7. Qd2 e5 8. 0-0-0 Qc7 9. g4 Be6 10. Kb1 Na6 11. g5 Ne8 12. d5 Bc8 13. h4 c5 14. h5 Qe7 15. Qh2 Bh8 16. f4 exf4 17. Bxf4 Nb4 18. a3 Na6 19. Bd3 Bg4 20. hxg6 fxg6 21. e5 dxe5 22. Bxg6 Bf5+ 23. Bxf5 Rxf5 24. d6 Qg7 25. d7 Rxf4 26. d8Q Rxd8 27. Rxd8 Rf1+ 28. Ka2 Nac7 29. Ne4 Rf8 30. Nf6+ Nxf6 31. gxf6 Qf7 32. Qg3+ Qg6 33. Qxg6+ hxg6 34. Rxh8+ 1-0

[Event "HUN-chT2 Breyer 0506"]
[Site "Hungary"]
[Date "2006.02.12"]
[Round "7"]
[White "Smaraglay, Botond"]
[Black "Csoli, Odon"]
[Result "0-1"]
[WhiteElo "2068"]
[BlackElo "2187"]
[PlyCount "66"]
[EventDate "2005.10.16"]
[EventType "team-tourn"]
[EventRounds "11"]
[EventCountry "HUN"]
[SourceTitle "EXT 2009"]
[Source "ChessBase"]
[SourceDate "2008.11.26"]
[SourceVersion "1"]
[SourceVersionDate "2008.11.26"]
[SourceQuality "1"]
[WhiteTeam "Husi II"]
[BlackTeam "Vertesi Eromu"]
[WhiteTeamCountry "HUN"]
[BlackTeamCountry "HUN"]

1. c4 Nf6 2. Nc3 e6 3. Nf3 d5 4. e3 c6 5. d4 Nbd7 6. c5 b6 7. b4 a5 8. Qa4 Bb7 9. Nd2 Qc7 10. Nb3 axb4 11. Qxb4 bxc5 12. dxc5 Be7 13. a4 0-0 14. Ba3 Rfb8 15. Rb1 Ba6 16. Qd4 Bxf1 17. Kxf1 e5 18. Qd3 Qa7 19. Ke2 Bxc5 20. Nxc5 Nxc5 21. Qc2 Qa6+ 22. Kf3 e4+ 23. Kg3 Qc8 24. f3 exf3 25. gxf3 Qc7+ 26. Kg2 Ne6 27. Rhc1 Rxb1 28. Rxb1 d4 29. exd4 Nxd4 30. Qd2 Qxh2+ 31. Kxh2 Nxf3+ 32. Kg3 Nxd2 33. Rb6 Nc4 0-1

[Event "HUN-chT2 Breyer 0304"]
[Site "Hungary"]
[Date "2004.01.25"]
[Round "6"]
[White "Smaraglay, Botond"]
[Black "Bednay, Bence"]
[Result "1/2-1/2"]
[WhiteElo "2107"]
[BlackElo "2031"]
[PlyCount "159"]
[EventDate "2003.09.28"]
[EventType "team-tourn"]
[EventRounds "11"]
[EventCountry "HUN"]
[SourceTitle "EXT 2009"]
[Source "ChessBase"]
[SourceDate "2008.11.26"]
[SourceVersion "1"]
[SourceVersionDate "2008.11.26"]
[SourceQuality "1"]
[WhiteTeam "Husi II"]
[BlackTeam "Vizugy II"]
[WhiteTeamCountry "HUN"]
[BlackTeamCountry "HUN"]

1. c4 e6 2. Nc3 Bb4 3. Nf3 Nf6 4. a3 Bxc3 5. bxc3 Nc6 6. d4 b6 7. Qc2 0-0 8. e4 d6 9. Bd3 e5 10. Be3 Qe7 11. 0-0 Na5 12. c5 dxc5 13. dxc5 Nb7 14. cxb6 axb6 15. Qb2 Nc5 16. Qb4 Ra5 17. Nd2 Qd8 18. Bxc5 Rxc5 19. Nb3 Qxd3 20. Nxc5 bxc5 21. Qxc5 Nxe4 22. Qxe5 Nd6 23. Rfe1 Be6 24. Qc5 Qc4 25. Qb4 g6 26. a4 Ra8 27. Reb1 Kf8 28. a5 Qxb4 29. cxb4 Ke7 30. f3 Kd7 31. Kf2 Bc4 32. g4 Kc6 33. Ra3 Re8 34. Re3 Kb5 35. Rxe8 Nxe8 36. Ke3 f6 37. Kd4 Ng7 38. a6 Ne6+ 39. Kc3 Bd5 40. a7 Kb6 41. Ra1 Ba8 42. Kc4 Nd8 43. b5 Kb7 44. f4 Nf7 45. Kc5 Nd6 46. b6 Ne4+ 47. Kd5 Kxb6+ 48. Ke6 c5 49. h4 c4 50. g5 fxg5 51. hxg5 c3 52. Kf7 Nc5 53. Ra3 Ne4 54. Kg7 c2 55. Ra1 Nc5 56. Rc1 Kxa7 57. Rxc2 Kb6 58. Kxh7 Be4 59. Rd2 Kc6 60. Rd8 Ne6 61. Rd1 Bf5 62. Rd2 Nxf4 63. Kh6 Nd5 64. Ra2 Kd7 65. Ra6 Nf4 66. Ra7+ Ke6 67. Ra6+ Ke5 68. Ra4 Ne6 69. Ra6 Be4 70. Rb6 Kf5 71. Ra6 Nf4 72. Ra4 Bd3 73. Ra5+ Kg4 74. Ra4 Bf5 75. Ra6 Kg3 76. Ra3+ Nd3 77. Ra6 Ne5 78. Rb6 Kh4 79. Rb4+ Ng4+ 80. Kg7 1/2-1/2

[Event "HUN-chT2 Breyer 0304"]
[Site "Hungary"]
[Date "2003.10.05"]
[Round "2"]
[White "Smaraglay, Botond"]
[Black "Akots, Gabor"]
[Result "0-1"]
[WhiteElo "2107"]
[BlackElo "2125"]
[PlyCount "62"]
[EventDate "2003.09.28"]
[EventType "team-tourn"]
[EventRounds "11"]
[EventCountry "HUN"]
[SourceTitle "EXT 2009"]
[Source "ChessBase"]
[SourceDate "2008.11.26"]
[SourceVersion "1"]
[SourceVersionDate "2008.11.26"]
[SourceQuality "1"]
[WhiteTeam "Husi II"]
[BlackTeam "MAV Elore"]
[WhiteTeamCountry "HUN"]
[BlackTeamCountry "HUN"]

1. c4 e6 2. Nc3 d5 3. e3 Nf6 4. d4 dxc4 5. Bxc4 a6 6. Nf3 c5 7. 0-0 b5 8. Bd3 Bb7 9. a4 b4 10. Ne2 Be7 11. a5 0-0 12. Qa4 Nc6 13. Rd1 cxd4 14. Nexd4 Nxd4 15. Nxd4 Bd6 16. Bd2 Ng4 17. Nf3 Bxf3 18. gxf3 Nxf2 19. Bxh7+ Kxh7 20. Kxf2 Qh4+ 21. Ke2 Rfd8 22. Be1 Qxh2+ 23. Bf2 Qe5 24. Rh1+ Kg8 25. Qc2 f5 26. Rh3 Qb5+ 27. Qd3 Qxd3+ 28. Kxd3 Be5+ 29. Kc2 Rac8+ 30. Kb3 Rd3+ 31. Ka4 b3 0-1

[Event "HUN-chT2 Breyer 0304"]
[Site "Hungary"]
[Date "2003.09.28"]
[Round "1"]
[White "Molnar, Istvan"]
[Black "Smaraglay, Botond"]
[Result "1-0"]
[WhiteElo "2176"]
[BlackElo "2107"]
[PlyCount "75"]
[EventDate "2003.09.28"]
[EventType "team-tourn"]
[EventRounds "11"]
[EventCountry "HUN"]
[SourceTitle "EXT 2009"]
[Source "ChessBase"]
[SourceDate "2008.11.26"]
[SourceVersion "1"]
[SourceVersionDate "2008.11.26"]
[SourceQuality "1"]
[WhiteTeam "Karpati"]
[BlackTeam "Husi II"]
[WhiteTeamCountry "HUN"]
[BlackTeamCountry "HUN"]

1. d4 Nf6 2. c4 g6 3. Nc3 Bg7 4. e4 d6 5. f4 b6 6. Nf3 Bb7 7. Bd3 0-0 8. 0-0 c5 9. d5 a6 10. e5 Ng4 11. h3 Nh6 12. g4 Qc7 13. Qe2 Kh8 14. Bd2 dxe5 15. fxe5 e6 16. d6 Qd7 17. Ne4 Bxe4 18. Bxe4 Ra7 19. Bf4 Nc6 20. Qe3 Ng8 21. g5 Rc8 22. Rad1 b5 23. b3 Na5 24. Qc3 Nb7 25. h4 h5 26. gxh6 Nxh6 27. Ng5 Nf5 28. Qh3 Bh6 29. Rd2 Kg7 30. Rg2 Rh8 31. Qg4 Raa8 32. h5 Rag8 33. hxg6 Bxg5 34. Bxg5 Kf8 35. gxf7 Rg7 36. Bxf5 exf5 37. Rxf5 Rhh7 38. Be7+ 1-0

[Event "HUN-chT2 0102"]
[Site "Hungary"]
[Date "2002.04.07"]
[Round "10"]
[White "Smaraglay, Botond"]
[Black "Juracsik, Jozsef"]
[Result "1-0"]
[WhiteElo "2113"]
[BlackElo "2209"]
[PlyCount "63"]
[EventDate "2001.??.??"]
[EventType "team-tourn"]
[EventRounds "11"]
[EventCountry "HUN"]
[SourceTitle "EXT 2004"]
[Source "ChessBase"]
[SourceDate "2003.11.25"]
[SourceVersion "1"]
[SourceVersionDate "2003.11.25"]
[SourceQuality "1"]

1. c4 Nf6 2. Nc3 g6 3. Nf3 Bg7 4. d4 d6 5. e4 0-0 6. h3 e5 7. d5 a5 8. Be3 Na6 9. Bd3 Nh5 10. 0-0 Nf4 11. Bc2 b6 12. Qd2 Qf6 13. a3 Nxh3+ 14. Kh2 Nf4 15. g3 g5 16. Rh1 Bg4 17. Nxg5 Qxg5 18. gxf4 exf4 19. Bxf4 Be5 20. Ne2 Kh8 21. Bxe5+ Qxe5+ 22. f4 Qg7 23. Rag1 Rg8 24. Rg3 Qxb2 25. Nc3 f6 26. e5 fxe5 27. fxe5 Bh5 28. exd6 Rxg3 29. Kxg3 Rg8+ 30. Kh4 Bg6 31. Qd4+ Rg7 32. d7 1-0

[Event "HUN-chT2 0102"]
[Site "Hungary"]
[Date "2002.01.27"]
[Round "6"]
[White "Toth, Jozsef"]
[Black "Smaraglay, Botond"]
[Result "1-0"]
[WhiteElo "2157"]
[BlackElo "2113"]
[PlyCount "81"]
[EventDate "2001.??.??"]
[EventType "team-tourn"]
[EventRounds "11"]
[EventCountry "HUN"]
[SourceTitle "EXT 2004"]
[Source "ChessBase"]
[SourceDate "2003.11.25"]
[SourceVersion "1"]
[SourceVersionDate "2003.11.25"]
[SourceQuality "1"]

1. d4 Nf6 2. Nf3 g6 3. Bg5 Bg7 4. e3 d6 5. Bc4 Nbd7 6. Nbd2 0-0 7. 0-0 c5 8. c3 a6 9. a4 b6 10. Qe2 Bb7 11. e4 h6 12. Bh4 g5 13. Bg3 Nxe4 14. Nxe4 d5 15. Nxc5 bxc5 16. Bd3 c4 17. Bc2 Nf6 18. Be5 Bc8 19. Nd2 Bg4 20. f3 Bh5 21. Rfe1 Ra7 22. b4 Ne8 23. Bxg7 Kxg7 24. Qe5+ Nf6 25. Nf1 Bg6 26. Ra2 Qd7 27. Bxg6 Kxg6 28. Ng3 e6 29. f4 Nh7 30. Rf2 Qxa4 31. f5+ exf5 32. Qxf5+ Kg7 33. Qxd5 Qb5 34. Nf5+ Kg6 35. Qe4 Qb7 36. d5 Qd7 37. Qd4 Nf6 38. Nh4+ gxh4 39. Rxf6+ Kh7 40. Qxh4 Rh8 41. Rxh6+ 1-0

[Event "HUN-chT2 0102"]
[Site "Hungary"]
[Date "2002.01.13"]
[Round "5"]
[White "Smaraglay, Botond"]
[Black "Antal, Jozsef"]
[Result "1/2-1/2"]
[WhiteElo "2113"]
[BlackElo "2160"]
[PlyCount "115"]
[EventDate "2001.??.??"]
[EventType "team-tourn"]
[EventRounds "11"]
[EventCountry "HUN"]
[SourceTitle "EXT 2004"]
[Source "ChessBase"]
[SourceDate "2003.11.25"]
[SourceVersion "1"]
[SourceVersionDate "2003.11.25"]
[SourceQuality "1"]

1. c4 e6 2. Nc3 d5 3. d4 Nf6 4. a3 Be7 5. Bf4 Bd6 6. Bg5 Be7 7. c5 0-0 8. b4 b6 9. e3 Bb7 10. Nf3 Ne4 11. Bxe7 Qxe7 12. Qc2 Nxc3 13. Qxc3 f6 14. Be2 a6 15. 0-0 bxc5 16. bxc5 Nc6 17. Rab1 Rfb8 18. Rb2 Bc8 19. Rfb1 Rxb2 20. Rxb2 g5 21. h3 h5 22. Qc2 Qg7 23. Nh2 h4 24. Bh5 e5 25. Be8 Na5 26. dxe5 fxe5 27. Qd2 Be6 28. Qxa5 Rxe8 29. Qxa6 g4 30. Nxg4 Bxg4 31. hxg4 Qxg4 32. Qc6 Qe6 33. Qxe6+ Rxe6 34. a4 Rc6 35. Rc2 Ra6 36. Ra2 Kf7 37. Kh2 Kg6 38. a5 c6 39. Kh3 Kh5 40. Ra1 Kg5 41. Ra4 d4 42. exd4 exd4 43. f4+ Kxf4 44. Rxd4+ Ke5 45. Ra4 Kd5 46. Kxh4 Kxc5 47. g4 Kb5 48. Ra1 c5 49. Kg3 Kb4 50. Kf3 Kb3 51. g5 Kb2 52. Ra4 Kb3 53. Rg4 Rxa5 54. g6 Ra8 55. Ke2 c4 56. g7 Rg8 57. Kd1 Kc3 58. Kc1 1/2-1/2

[Event "HUN-chT2 Charousek 0001"]
[Site "Hungary"]
[Date "2001.04.08"]
[Round "10"]
[White "Smaraglay, Botond"]
[Black "Demeny, Antal"]
[Result "1/2-1/2"]
[WhiteElo "2113"]
[BlackElo "2157"]
[PlyCount "54"]
[EventDate "2000.11.26"]
[EventType "team"]
[EventRounds "11"]
[EventCountry "HUN"]
[SourceTitle "EXT 2007"]
[Source "ChessBase"]
[SourceDate "2006.11.23"]
[SourceVersion "1"]
[SourceVersionDate "2006.11.23"]
[SourceQuality "1"]
[WhiteTeam "Husi"]
[BlackTeam "Keszthely"]
[WhiteTeamCountry "HUN"]
[BlackTeamCountry "HUN"]

1. c4 Nf6 2. Nc3 g6 3. Nf3 Bg7 4. g3 0-0 5. Bg2 d6 6. d4 Nbd7 7. e4 e5 8. 0-0 c6 9. Rb1 exd4 10. Nxd4 a5 11. a3 Re8 12. Re1 Nc5 13. b4 axb4 14. axb4 Ne6 15. Be3 Ng4 16. Nxe6 Bxe6 17. Bd4 Ne5 18. c5 dxc5 19. bxc5 Qxd4 20. Qxd4 Nf3+ 21. Bxf3 Bxd4 22. Ne2 Bxc5 23. Rxb7 Rec8 24. Rc1 Ba3 25. Rc2 Bd6 26. Kg2 c5 27. e5 Bxe5 1/2-1/2

[Event "HUN-chT2 Charousek 0001"]
[Site "Hungary"]
[Date "2001.03.25"]
[Round "9"]
[White "Smaraglay, Botond"]
[Black "Mullner, Imre"]
[Result "0-1"]
[WhiteElo "2113"]
[BlackElo "2276"]
[PlyCount "64"]
[EventDate "2000.11.26"]
[EventType "team"]
[EventRounds "11"]
[EventCountry "HUN"]
[SourceTitle "EXT 2007"]
[Source "ChessBase"]
[SourceDate "2006.11.23"]
[SourceVersion "1"]
[SourceVersionDate "2006.11.23"]
[SourceQuality "1"]
[WhiteTeam "Husi"]
[BlackTeam "Statisztika II"]
[WhiteTeamCountry "HUN"]
[BlackTeamCountry "HUN"]

1. c4 Nf6 2. Nc3 d5 3. cxd5 Nxd5 4. d4 c5 5. e4 Nxc3 6. bxc3 Qa5 7. Bd2 Nc6 8. Qb3 e6 9. Nf3 cxd4 10. cxd4 Bb4 11. Rd1 0-0 12. Bc4 b5 13. Be2 Rb8 14. 0-0 Bxd2 15. Rxd2 e5 16. d5 Bg4 17. dxc6 Bxf3 18. Qb2 Bxe4 19. Rc1 Rbc8 20. Rd6 b4 21. Qb3 Rfd8 22. Rxd8+ Qxd8 23. Qc4 Rxc6 24. Qxe4 Rxc1+ 25. Bf1 Qb8 26. g3 g6 27. Kg2 a5 28. Qd5 Qc7 29. Qd3 Qc6+ 30. Kg1 a4 31. g4 b3 32. axb3 a3 0-1

[Event "HUN-chT2 Charousek 0001"]
[Site "Hungary"]
[Date "2001.03.04"]
[Round "8"]
[White "Smaraglay, Botond"]
[Black "Majdanics, Antal"]
[Result "1-0"]
[WhiteElo "2113"]
[BlackElo "2186"]
[PlyCount "87"]
[EventDate "2000.11.26"]
[EventType "team"]
[EventRounds "11"]
[EventCountry "HUN"]
[SourceTitle "EXT 2007"]
[Source "ChessBase"]
[SourceDate "2006.11.23"]
[SourceVersion "1"]
[SourceVersionDate "2006.11.23"]
[SourceQuality "1"]
[WhiteTeam "Husi"]
[BlackTeam "Gyor Elektromos"]
[WhiteTeamCountry "HUN"]
[BlackTeamCountry "HUN"]

1. c4 g6 2. Nc3 Bg7 3. Nf3 d6 4. g3 Bg4 5. Bg2 c6 6. d4 Nd7 7. 0-0 Qc7 8. e4 e5 9. d5 Ne7 10. Be3 f5 11. Qd2 0-0 12. Ng5 fxe4 13. h3 Bf5 14. g4 h6 15. gxf5 hxg5 16. fxg6 Nxg6 17. Nxe4 Nf4 18. Nxg5 Nc5 19. b4 Qe7 20. h4 Nxg2 21. Kxg2 Na6 22. Rh1 Nc7 23. Rag1 cxd5 24. cxd5 Qd7 25. Qc2 Rf5 26. Qd3 Kh8 27. Qd1 Qe8 28. Rh3 Bh6 29. Kh2 Qf8 30. Rhg3 Qf6 31. Qh5 Nxd5 32. Nf7+ Qxf7 33. Qxh6+ Qh7 34. Qxd6 Nxe3 35. fxe3 Raf8 36. R1g2 Qh5 37. Qe6 Qf7 38. Qh6+ Qh7 39. Qd6 Qh5 40. Qe7 Qf7 41. Qd6 Qf6 42. Qd5 Rf7 43. Qe4 Rf8 44. Rg6 1-0

[Event "HUN-chT2 Charousek 0001"]
[Site "Hungary"]
[Date "2001.02.25"]
[Round "7"]
[White "Smaraglay, Botond"]
[Black "Vargyas, Zoltan"]
[Result "1-0"]
[WhiteElo "2113"]
[BlackElo "2154"]
[PlyCount "73"]
[EventDate "2000.11.26"]
[EventType "team"]
[EventRounds "11"]
[EventCountry "HUN"]
[SourceTitle "EXT 2007"]
[Source "ChessBase"]
[SourceDate "2006.11.23"]
[SourceVersion "1"]
[SourceVersionDate "2006.11.23"]
[SourceQuality "1"]
[WhiteTeam "Husi"]
[BlackTeam "Szenna Pack"]
[WhiteTeamCountry "HUN"]
[BlackTeamCountry "HUN"]

1. c4 e5 2. Nc3 Nf6 3. Nf3 Nc6 4. e3 Bb4 5. d4 d6 6. Be2 0-0 7. 0-0 e4 8. Nd2 Re8 9. Nb3 Bxc3 10. bxc3 a5 11. a4 Bf5 12. c5 Nd5 13. Qd2 Qg5 14. f4 exf3 15. Rxf3 Nf6 16. Bd3 Ne4 17. Qc2 d5 18. Nd2 Re6 19. Rf4 Rae8 20. Nf3 Qh5 21. h3 Rg6 22. Nh4 Rg5 23. Nxf5 Rxf5 24. g4 Rg5 25. Bxe4 dxe4 26. Rxe4 f5 27. Rxe8+ Qxe8 28. e4 Rg6 29. exf5 Qe1+ 30. Kg2 Rf6 31. Qa2+ Kf8 32. Bg5 Qxc3 33. Bxf6 gxf6 34. Rd1 Nxd4 35. Qf2 Qxc5 36. Qxd4 Qc2+ 37. Rd2 1-0

[Event "HUN-chT2 Charousek 0001"]
[Site "Hungary"]
[Date "2001.01.21"]
[Round "5"]
[White "Smaraglay, Botond"]
[Black "Sandor, Attila"]
[Result "1/2-1/2"]
[WhiteElo "2113"]
[BlackElo "2177"]
[PlyCount "49"]
[EventDate "2000.11.26"]
[EventType "team"]
[EventRounds "11"]
[EventCountry "HUN"]
[SourceTitle "EXT 2007"]
[Source "ChessBase"]
[SourceDate "2006.11.23"]
[SourceVersion "1"]
[SourceVersionDate "2006.11.23"]
[SourceQuality "1"]
[WhiteTeam "Husi"]
[BlackTeam "Vizugy"]
[WhiteTeamCountry "HUN"]
[BlackTeamCountry "HUN"]

1. c4 e6 2. Nc3 Nf6 3. d4 b6 4. e4 Bb7 5. Bd3 Bb4 6. f3 h6 7. Be3 Nc6 8. e5 Ng8 9. Nge2 Nge7 10. g4 d6 11. exd6 Bxd6 12. a3 a6 13. b4 Ng8 14. 0-0 Qh4 15. Rf2 Nf6 16. c5 Be7 17. Bf4 Nd5 18. Nxd5 exd5 19. Bxc7 b5 20. Bf5 g6 21. Bb1 h5 22. Nf4 Bf6 23. Ng2 Qh3 24. Nf4 Qh4 25. Ng2 1/2-1/2